000 02674nam0a2200457 4500
001 RU\NLR\BIBL_A\022327523
005 20260420014732.0
010 _a978-5-89930-177-3
_9500
021 _aRU
_bКН-П-24-045821
_9КН-П-24-4558
035 _a(NLR Aleph) 022327523
090 _a13665345
_c13665345
100 _a20240919d2024 k y0rusy50 ca
101 0 _arus
_deng
_ieng
102 _aRU
105 _aa g 000yy
181 0 _ab3
_bxb2e
181 0 _ai2
_bxxxe
182 0 _an
200 1 _aАтлас абрисов костей конечностей детей и подростков для возрастной экспресс-диагностики (по материалам Гонур-депе)
_dAtlas of graphic contours of non-adult bones for express age estimation (A case of Gonur Depe)
_fВ. В. Куфтерин
_gответственный редактор: Н. А. Дубова
_gИнститут этнологии и антропологии им. Н. Н. Миклухо-Маклая РАН, Маргианская археологическая экспедиция
_zeng
203 _aИзображение
_aТекст
_bвизуальные
_cнепосредственные
205 _aИзд. 2-е, перераб и доп.
210 _aМосква
_cСтарый сад
_d2024
215 _a165 с.
_cил., табл.
_d30
300 _aАвт. также на англ. яз.: Vladimir V. Kufterin
300 _aНа 4-й с. обл. авт.: Куфтерин В. В. – антрополог, д-р биол. наук
300 _aРез. англ.
300 _aПримеч. к ил. парал.: рус., англ.
301 _aDOI 10.33876-978-5-89930-177-3-1-166
320 _aБиблиогр.: с. 148–152
510 1 _6z11790
_aAtlas of graphic contours of non-adult bones for express age estimation (A case of Gonur Depe)
_zeng
606 1 _aКости конечностей детей
_xВозрастные особенности
_xАнтропометрические исследования
_92445158
_3RU\NLR\AUTH\6601672021
607 _aГонур Депе, дворцово-храмовый комплекс (Туркменистан)
_xАрхеологические исследования
_92132550
_3RU\NLR\AUTH\661590475
686 1 _aТ4(2)265.7-423.2
686 1 _aЕ763.45
700 1 _aКуфтерин
_bВ. В.
_gВладимир Владимирович
790 1 _6z11510
_aKufterin
_bV. V.
_gVladimir Vladimirovič
942 _cBOOK
980 _aNBR
980 _aNB